000 01255nam a22003977a 4500
003 OSt
005 20230816145909.0
008 221006b |||||||| |||| 00| 0 eng d
040 _cBiblioteca Lado V
082 _a868.992.3
_bB214c
100 _9943
_aBandara, Samuel B.
_eeditor
245 _aCRB/
_bThe Caribbean Review of Books/
260 _bMedia and Editorial Projects Ltd.
_c2009
_aEspaña
_aTrinidad y Tobago
300 _c21x25.5cm
_a33p.
490 _a19
_v2009
505 _tReviews
505 _tThe X file
505 _tPraise songs
505 _tFamily Matters
505 _tHome and away
505 _tOn broken ground
505 _tThe Contender
_aIn Brief Etc.
505 _tMarginalia
505 _tReading List
505 _tThe 2008 CRB Books of the year
505 _tWhere the borders are
505 _tProsimetrum
505 _tPortfolio
505 _tPoems
650 _2Tesauro de Arte & Arquitectura
_aARTE
_9703
650 _2Tesauro de Arte & Arquitectura
_aLITERATURA CARIBEÑA
650 _2Tesauro de Arte & Arquitectura
_aCULTURA
650 _2Tesauro de Arte & Arquitectura
_aCOLECCION
710 _aZero-Six Editions
_eeditor
942 _2ddc
_c1
_h868.992.3
_iB214c
_n0
999 _c4142
_d4142